LEADER 01633oam 2200421Ia 450 001 9910696986503321 005 20230902162202.0 035 $a(CKB)5470000002383023 035 $a(OCoLC)527780837 035 $a(EXLCZ)995470000002383023 100 $a20100224d2010 ka 0 101 0 $aeng 135 $aurmn||||||||| 181 $ctxt$2rdacontent 182 $cc$2rdamedia 183 $acr$2rdacarrier 200 14$aThe long-term outlook for the U.S. Navy's fleet$b[electronic resource] $estatement of Eric J. Labs, senior analyst for Naval Forces and Weapons, before the Subcommittee on Seapower and Expeditionary Forces, Committee on Armed Services, U.S. House of Representatives 210 1$aWashington, D.C. :$cCongressional Budget Office,$d[2010] 215 $a1 online resource (17 pages) $cillustrations 225 1 $aCongressional Budjet Office testimony 300 $aTitle from title screen (viewed on Feb. 23, 2010). 300 $a"January 20, 2010." 320 $aIncludes bibliographical references. 410 0$aCBO testimony. 517 $aLong-term outlook for the U.S. Navy's fleet 606 $aSea-power$zUnited States 606 $aNavy-yards and naval stations$xEconomic aspects$zUnited States 615 0$aSea-power 615 0$aNavy-yards and naval stations$xEconomic aspects 700 $aLabs$b Eric Jackson$01380719 712 02$aUnited States.$bCongressional Budget Office. 801 0$bGPO 801 1$bGPO 801 2$bGPO 906 $aBOOK 912 $a9910696986503321 996 $aThe long-term outlook for the U.S. Navy's fleet$93524732 997 $aUNINA LEADER 00977nam0 2200277 450 001 9910871298603321 005 20240725105146.0 010 $a979-12-218-0933-6 100 $a20240725d2023----km y0itay50 ba 101 0 $aita 102 $aIT 105 $ay 001yy 200 1 $aDiritto al lavoro$eper un lavoro degno in un'economia sostenibile$eatti del 71° convegno nazionale di studi$eroma, 9-11 dicembre 2022$fUGCI Unione Giuristi Cattolici Italiani$grelazioni di Stefano Bellomo ... [et al.]$ginterventi di Francesco Bonini, Damiano Nocilla 210 $aRoma$cAracne$d2023 215 $a300 p.$d24 cm 225 1 $aQuaderni di iustitia$v2 676 $a344.401$v23 702 1$aBellomo,$bStefano 710 02$aUGCI$9$0113395 801 0$aIT$bUNINA$gRICA$2UNIMARC 901 $aBK 912 $a9910871298603321 952 $aGRDDL155A$b5187$fDECBC 959 $aDECBC 996 $aDiritto al lavoro$94177665 997 $aUNINA